00522ntaaa2200181 45000030003000000050017000030080021000200400037000410820017000781000039000952450023001342500010001572600027001673000021001949420007002159990015002229520103002370120251027201356.00714s1973 ag 01  aAR-BaBNbspacAR-BaBNeaacrdRIC a225.4000 B47 aBiblia. N.T. Yiddish. 1894 912155 a[Nuevo Testamento] a1 ed. aConstantinopla, c1894 a784 p. ; c14 cm cBK c8251d8251 00104070aBPbBPd2025-10-27i19379l0o225.4000 B47p19379r2025-10-27 20:13:56w2025-10-27yBK